000 00730nam a2200289Ia 4500
005 20260324133739.0
008 008 260324s9999 xx 000 0 eng d
020 _a9781936331277
037 _aEBOOK
040 _aCRL
040 _beng
040 _cCRL
041 _2eng
041 _aeng
084 _qCRL
100 _aProfessor Leigh Raymond
_91194240
245 0 _aPrivate Rights in Public Resources
245 0 _bEquity and Property Allocation in Market-Based Environmental Policy
260 _bTaylor and Francis
260 _c2003
365 _a
365 _b240
856 _uhttp://www.taylorfrancis.com/books/9781936331277
942 _cEBOOK
999 _c1793613
_d1793613